Nový slavistický časopis

Podrobná bibliografia
Hlavný autor: Slobodník, Dušan, 1927-2001 (Autor)
Médium: Článok
Jazyk:slovenčina

MARC

LEADER 00000nab a2200000ua 4500
001 vtls010793873
003 SK-MaSNL
005 20260303152319.0
008 230222s1966 xo |||||||||||||||||slo|
035 |a (urnnbn)urn:nbn:sk:snk:ar-a02cja 
035 |a (uuid)cd4fc1ad-e91c-46a6-89a1-51f10ffc14b9 
035 |a urn:nbn:sk:snk-ab4k94 
040 |a SNKBUCL  |b slo  |c SNKBUCL  |e AACR2 
041 0 |a slo 
044 |a xo  |c SK 
100 1 |a Slobodník, Dušan,  |d 1927-2001  |4 aut  |9 103407 
245 1 0 |a Nový slavistický časopis  |c Dušan Slobodník 
773 0 |t Slavica Slovaca : časopis pre slovanskú filológiu : orgán Slovenského výboru slavistov  |g Roč. 1, č. 2 (1966), s. 217-218 
954 |a odborná, vedecká literatúra pôvodná (slovenská)  |2 lita 
958 |a OND 
958 |a EUIPO 
958 |a article3 
999 |c 2022713  |d 2024643